header

The IDA pro book (Record no. 231222)

MARC details
000 -LEADER
fixed length control field 01200nam a2200313 a 4500
100 1# - MAIN ENTRY--AUTHOR NAME
Personal name Eagle, Chris.
245 14 - TITLE STATEMENT
Title The IDA pro book
250 ## - EDITION STATEMENT
Edition statement 2nd ed.
260 ## - PUBLICATION, DISTRIBUTION, ETC. (IMPRINT)
Place of publication San Francisco :
Name of publisher No Starch Press,
Year of publication 2011.
300 ## - PHYSICAL DESCRIPTION
Number of Pages 672 p.
650 #0 - SUBJECT ADDED ENTRY--TOPICAL TERM
Topical Term Disassemblers (Computer programs)
Topical Term Debugging in computer science.
856 40 - ELECTRONIC LOCATION AND ACCESS
Uniform Resource Identifier http://site.ebrary.com/lib/rucke/Doc?id=10496688

No items available.

© 2026 Rongo University
Contact us: librarian | system librarian | Rongo university